Business model of a company acting in international context diplomová práca

Gespeichert in:
Bibliographische Detailangaben
1. Verfasser: Barošová, Zuzana
Körperschaft: Ekonomická univerzita v Bratislave. Ústav medzinárodných vzťahov - zrušené
Weitere Verfasser: Slávik, Štefan, 1955-
Format: Buch
Sprache:Englisch
Veröffentlicht: Bratislava 2016
Tags: Tag hinzufügen
Keine Tags, Fügen Sie das erste Tag hinzu!

MARC

LEADER 00000nbm a2200000 4500
001 0227758
005 20170320100609.1
041 0 |a eng 
044 |a SK 
245 1 0 |a Business model of a company acting in international context  |b diplomová práca  |c Zuzana Barošová ; školiteľ: Štefan Slávik 
264 1 |a Bratislava  |c 2016 
300 |a 78 s. 
100 1 |a Barošová, Zuzana 
700 1 |a Slávik, Štefan, 1955- 
710 2 |a Ekonomická univerzita v Bratislave. Ústav medzinárodných vzťahov - zrušené